| 000 | 00623cab a2200217 4500 | ||
|---|---|---|---|
| 001 | X3408 | ||
| 008 | 090401t1996 xxu||||| |||| 00| 0 eng d | ||
| 035 | _a(Sirsi) u30307 | ||
| 041 | _aeng | ||
| 245 | _aRacoon v Turnball | ||
| 260 | _c1996 | ||
| 350 | _a0 | ||
| 490 |
_aNew Property Cases _v1996 NPC 89 |
||
| 520 | _aPrivy Council from British Virgin Islands 22 May 1996. Note of case with interest point on land registration. | ||
| 650 | _aBRITISH VIRGIN ISLANDS | ||
| 650 | _aLAND REGISTRATION | ||
| 650 | _aPRIVY COUNCIL | ||
| 690 | _aPROPERTY LAW AND PRACTICE-CASE LAW | ||
| 942 | _n0 | ||
| 948 | _c04/03/1997 | ||
| 999 |
_c20420 _d20420 |
||